000 00529nam a2200145 a 4500
008 120416s0000 ||||||||||||||||| || u
020 _a0821337068
050 _aIBRD(08)DP
100 _aKhandker, Shahidur R
245 1 0 _aTargeted credit programsand rural poverty in Bangladesh
260 _aWashington, D.C.
_bWorld Bank
_c1996
300 _avii, 52p. : ill.
350 _a0.00
995 _D0.00
_FCBU-MAIN LIBRARY (Kitwe)
_H1
_I0.00
_M1
_UAVAILABLE
_ZInternational Publications
999 _c59384
_d59384